000 00834nam a2200241Ia 4500
003 GCL
005 20240530102153.0
008 140319s9999 xx 000 0 ara d
020 _a6180301977
040 _aGCL /
_cGCL
082 0 4 _a822.008
_bش ت
100 1 _aشيكسبير وليم
245 1 0 _aتاجر البندقية /
_cشيكسبير وليم
260 _aالقاهرة :
_bالهيئة المصرية العامة للكتاب ،
_c1988
300 _a233 ص ؛
_c24 سم
490 _aوليم شكسبير
_v0
650 0 4 _aالادب الانجليزى المترجم
650 0 4 _aالمسرحيات الانجليزية المترجمة
650 0 4 _aشكسبير، ويليام
650 0 4 _aالمسرح الانجليزى المترجم
700 1 _aشكسبير، ويليام
942 _2ddc
_cBK
999 _c30302
_d30302